Fallout 4 Geograpy - Statistics

General Stats
  • This quiz has been taken 95 times
  • The average score is 11 of 30
Answer Stats
Hint Answer % Correct
Where the game takes place(Metro Area) Boston
98%
Town where you find the Minutemen Concord
82%
Settlement built in the ruins of Fenway Park Diamond City
79%
Where the Sole Survivor lived before the war Sanctuary Hills
73%
Irradiated area in the southwestern corner of the map Glowing Sea
72%
City occupied by Gunners Quincy
65%
City where the Institute is located Cambridge
61%
Amusement Pake where a DLC takes place Nuka-World
55%
Where the Brotherhood settles in the Commonwealth Boston Airport
51%
Trader settlement built in the Charlestown area Bunker Hill
51%
Military base where Kellogg hid Fort Hagen
43%
DLC vault near Quincy Vault 88
40%
Town on the northern coast which was attacked by Mirelurks Salem
39%
Where the bomb dropped Crater of Atom
33%
Island in the south Spectacle Island
33%
Nuclear Silo where you find the nukes for Liberty Prime Sentinel Site
29%
Military base that the Brotherhood takes Fort Strong
28%
Vault southeast of the above Vault 95
26%
Small settlement north of Saugus The Slog
24%
Location in Cambridge where a small nuke was detonated Cambridge Crater
22%
Skyscraper in Boston where the Beryllium Agitator is Mass Fusion Building
21%
Cave where Virgil hid from the Institute Rocky Cave
21%
Biggest river in the game Charles River
17%
Body of Water where the Yangtze submarine is Boston Harbor
12%
Town located on an island connected to the land by a bridge Nahant
10%
Abandoned settlement west of Parsons State Lynn Woods
9%
Where the Pillars of the Community are Charles View Ampitheater
7%
Town located on Lake Cochituate Natick
7%
Island where the Far Harbor DLC takes place Mount Desert Island
4%
Lake in the northwestern part of the map near Vault 111 and Sanctuary Misty Lake
2%
No matching quizzes found
Score Distribution
Percent of People with Each Score
Percentile by Number Answered
Your Score History
You have not taken this quiz